[Event "Clarin GP final"]
[Site "Villa Gesell"]
[Date "1998.03.14"]
[Round "8"]
[White "Braga, Fernando Alberto"]
[Black "Rodriguez Vila, Andres"]
[Result "1/2-1/2"]
[WhiteElo "2465"]
[BlackElo "2475"]
[Annotator "Mueller,Karsten"]
[PlyCount "31"]
[EventDate "1998.03.07"]
[EventType "tourn"]
[EventRounds "11"]
[EventCountry "ARG"]
[EventCategory "10"]
[SourceTitle "CBM 064"]
[Source "ChessBase"]
[SourceDate "1998.06.02"]
[SourceVersion "1"]
[SourceVersionDate "1998.06.02"]
[SourceQuality "1"]

1. e4 d5 2. exd5 Nf6 3. c4 c6 4. Nc3 cxd5 5. d4 Nc6 6. Nf3 Bg4 7. cxd5 Nxd5 8.
Qb3 Bxf3 9. gxf3 Nb6 10. Be3 e6 11. d5 exd5 12. O-O-O {ich beschränke mich bei
den Referenzen im folgenden auf Beispiele, in denen Lxb6 zur Anwendung kam.
Mit dieser Idee scheint allerdings kein Eröffnungsvorteil herauszuholen zu
sein.} (12. Bxb6 Qxb6 13. Qxb6 axb6 14. Nxd5 O-O-O 15. Bh3+ Kb8 16. Nxb6 Bb4+
17. Kf1 Ne5 18. Kg2 Ka7 19. Na4 Nd3 20. Rhd1 Nf4+ 21. Kg3 Ne2+ 22. Kg2 {
1/2-1/2 Tan Cheng Xuan-Song Jiafu/PRC-ch 1987/EXT 87ch}) 12... Be7 13. Bxb6 (
13. Nxd5 Nxd5 14. Rxd5 Qc7 15. Kb1 O-O {ist die Hauptvariante.}) 13... Qxb6 (
13... axb6 $6 14. Nxd5 O-O 15. Rg1 Bf6 16. Rg4 Qd6 (16... Ra5 $6 17. Kb1 Rc5
18. Nxb6 Nd4 19. Qb4 Rc6 20. Nc4 Qd7 21. Re4 $36 {1-0 Short,N-Miles,A/Great
Britain (ch) 1984/Inf 38 (45)}) 17. Nxb6 Nd4 18. Rgxd4 Bxd4 19. Nxa8 Rxa8 20.
Bc4 $14 {1/2-1/2 Hebden,M-Nunn,J/Marbella zt-f 1982/MCD-r8 (36)}) 14. Qxb6 axb6
15. Nxd5 O-O (15... Rxa2 16. Kb1 Ra5 17. Bb5 Kf8 18. Nxe7 Kxe7 {1/2-1/2 Ribli,
Z-Miles,A/Surakarta/Denpasar 1982/MCD-r8}) (15... Bd8 $5 16. Kb1 O-O 17. f4 Re8
$11 {0-1 Zahariev,Z-Georgiev,K/Corfu op 1991/EXT 91op (41)}) 16. Nxe7+ (16.
Nxe7+ Nxe7 17. Kb1 Rfd8 18. Bd3 (18. Bc4 Kf8 19. Rhe1 Nc6 20. Bd5 Ra5 21. Bxc6
Rxd1+ 22. Rxd1 bxc6 23. Rc1 c5 $11 {1/2-1/2 San Segundo,P-Burgess,M/EUchJ
Groningen 1986/EXT 86ch (26)}) 18... Nc6 19. Be4 Kf8 20. a3 Ke7 $11 {1/2-1/2
Vaisser,A-Summerscale,A/Nimes op 1991/EXT 91op (29)}) 1/2-1/2

[Event "Clarin GP final"]
[Site "Villa Gesell"]
[Date "1998.03.15"]
[Round "9"]
[White "Rodriguez Vila, Andres"]
[Black "Sorin, Ariel"]
[Result "1/2-1/2"]
[WhiteElo "2475"]
[BlackElo "2460"]
[PlyCount "61"]
[EventDate "1998.03.07"]
[EventType "tourn"]
[EventRounds "11"]
[EventCountry "ARG"]
[EventCategory "10"]
[SourceTitle "CBM 064"]
[Source "ChessBase"]
[SourceDate "1998.06.02"]
[SourceVersion "1"]
[SourceVersionDate "1998.06.02"]
[SourceQuality "1"]

1. e4 e5 2. Nf3 Nc6 3. Bc4 Bc5 4. d3 Nf6 5. Nc3 d6 6. Bg5 Na5 7. O-O c6 8. a3
Nxc4 9. dxc4 h6 10. Bh4 Be6 11. Qd3 Bb6 12. Rfd1 Bc7 13. Nd2 g5 14. Bg3 Nh5 15.
Re1 Nf4 16. Bxf4 gxf4 17. f3 Qh4 18. Re2 Rg8 19. Nf1 O-O-O 20. Kh1 Qh5 21. b4
f5 22. b5 fxe4 23. Nxe4 Qf7 24. Ned2 Bb6 25. bxc6 bxc6 26. Rb1 Rg5 27. a4 Qg6
28. Nb3 Qxd3 29. cxd3 Bf5 30. Rd1 a6 31. g4 1/2-1/2

[Event "Villa Martelli"]
[Site "Villa Martelli"]
[Date "1998.05.20"]
[Round "2"]
[White "Rodriguez Vila, Andres"]
[Black "Zarnicki, Pablo Adrian"]
[Result "1/2-1/2"]
[WhiteElo "2475"]
[BlackElo "2515"]
[PlyCount "20"]
[EventDate "1998.05.??"]
[EventType "tourn"]
[EventRounds "9"]
[EventCountry "ARG"]
[EventCategory "9"]
[SourceTitle "CBM 065"]
[Source "ChessBase"]
[SourceDate "1998.08.06"]
[SourceVersion "1"]
[SourceVersionDate "1998.08.06"]
[SourceQuality "1"]

1. e4 e5 2. Nf3 Nf6 3. Nc3 Nc6 4. g3 d5 5. exd5 Nxd5 6. Bg2 Nde7 7. O-O g6 8.
d4 exd4 9. Nb5 Bg7 10. Bf4 O-O 1/2-1/2

[Event "Villa Martelli"]
[Site "Villa Martelli"]
[Date "1998.05.21"]
[Round "3"]
[White "Rojas Keim, Luis Alberto"]
[Black "Rodriguez Vila, Andres"]
[Result "1/2-1/2"]
[WhiteElo "2455"]
[BlackElo "2475"]
[PlyCount "38"]
[EventDate "1998.05.??"]
[EventType "tourn"]
[EventRounds "9"]
[EventCountry "ARG"]
[EventCategory "9"]
[SourceTitle "CBM 065"]
[Source "ChessBase"]
[SourceDate "1998.08.06"]
[SourceVersion "1"]
[SourceVersionDate "1998.08.06"]
[SourceQuality "1"]

1. c4 c5 2. Nc3 Nc6 3. g3 g6 4. Bg2 Bg7 5. e4 e6 6. Nge2 Nge7 7. O-O O-O 8. d3
d6 9. Be3 Nd4 10. Qd2 Nec6 11. Bg5 Nxe2+ 12. Nxe2 Qb6 13. Rab1 Bd7 14. Bf4 Qc7
15. a3 a5 16. a4 Nd4 17. Nxd4 Bxd4 18. b3 Bc6 19. Be3 Qb6 1/2-1/2

[Event "Villa Martelli"]
[Site "Villa Martelli"]
[Date "1998.05.27"]
[Round "8"]
[White "Miserendino, Alfredo"]
[Black "Rodriguez Vila, Andres"]
[Result "1-0"]
[WhiteElo "2255"]
[BlackElo "2475"]
[Annotator "Yudasin,L"]
[PlyCount "61"]
[EventDate "1998.05.??"]
[EventType "tourn"]
[EventRounds "9"]
[EventCountry "ARG"]
[EventCategory "9"]
[SourceTitle "CBM 065"]
[Source "ChessBase"]
[SourceDate "1998.08.06"]
[SourceVersion "1"]
[SourceVersionDate "1998.08.06"]
[SourceQuality "1"]

1. e4 {Baburin} g6 2. d4 Bg7 3. Nf3 d6 4. Bc4 e6 (4... c6) (4... Nf6 5. Qe2 c6)
5. O-O Ne7 (5... d5 6. exd5 exd5 7. Bd3 Ne7 8. Re1 O-O 9. Bg5 f6 10. Bf4 $14)
6. Nc3 O-O (6... d5 7. Bb3) 7. Re1 a6 (7... d5 8. Bf1 dxe4 9. Nxe4 h6 10. c3 b6
11. Bf4 $36) 8. Bd3 Nd7 9. e5 $1 d5 $2 (9... dxe5 10. dxe5 Nc5 11. Bg5 (11. Bf1
Qxd1 12. Rxd1 Nc6 13. Bf4 b6 (13... Nd7 14. Re1 h6 15. h4 b6 16. Rad1 Rd8 $14)
14. a3 Nd7 15. Re1 b5 16. Rad1 Nb6 17. Ne4 $16) 11... Nxd3 12. cxd3 h6 13. Bh4
b6 14. Ne4 Bb7 15. Nf6+ Kh8 $13) 10. Ne2 c5 11. c3 $16 b5 12. Nf4 Nc6 13. h4
$36 b4 14. Bb1 a5 (14... Qa5 15. Qd3 Qb5 16. Qe3 Nb6 17. h5 Nc4 18. Qe2 Qa5 19.
Ng5 cxd4 20. Nxh7 $40) 15. Ng5 {Baburin: The bad news for Black here is that
while he wants to attack White´s queenside (squares, file, pawns, etc.), White
is going to attack his KING! This difference is crucial and that´s why in
choosing systems like the one in this game, Black really plays with fire!} Re8
(15... h6 16. Ngxe6) 16. Re3 $40 {A nice rook lift to the kingside, thanks to
White´s spatial advantage.} Nf8 (16... h6 17. Nxf7) (16... Qb6 17. Qf3 cxd4 18.
Nxd5 Qd8 19. Qxf7+ Kh8 20. Nc7 Rf8 21. Ncxe6 $18) 17. Rg3 Qc7 (17... h6 18.
Nxf7 Kxf7 19. Nxg6 Kg8 20. Qh5) (17... Qb6 18. h5 (18. Nxh7 Nxh7 19. h5) 18...
cxd4 19. hxg6 fxg6 20. Nxh7 Nxh7 21. Bxg6 Re7 22. Nh5 Nxe5 23. Bxh7+ Kxh7 24.
cxd4 Nc6 25. Nxg7 Rxg7 26. Qh5+ Kg8 27. Rxg7+ Kxg7 28. Bh6+ Kf6 29. Bg5+ Kg7
30. Re1 Nxd4 31. Re3 $40) 18. Nxh7 {This idea is correct, but perhaps its
implementation could be more acurate.} ({Baburin: I think that White should
have started with} 18. h5 {Baburin} {and} cxd4 ({Then after both} 18... h6 19.
Nxf7 ({or} 19. Nf3 g5 20. Nxg5 hxg5 21. h6 $40) 19... Qxf7 20. hxg6 Qe7 21. Nh5
$40) 19. Nxh7 Nxh7 20. hxg6 fxg6 21. Bxg6 Re7 22. Bxh7+ (22. cxd4 $5 Nf8 23.
Be3) 22... Kxh7 23. Nh5 {White has a very promising attack.}) 18... Nxh7 19. h5
Ne7 (19... g5 20. Qc2 (20. h6 Bxh6 (20... Bh8 21. Bxh7+ Kxh7 22. Qd3+ Kg8 23.
Rxg5+ Kf8 24. Qh7 Ke7 25. Ng6+ $18) 21. Qh5) 20... f5 21. exf6 Bxf6 22. Qg6+
Kf8 23. Nh3 cxd4 $13) ({Baburin: Perhaps,} 19... Nf8 {Baburin should have been
preferred. However, White' attack still goes strong after} 20. hxg6 fxg6 21.
Nxg6) 20. hxg6 fxg6 21. Nh5 (21. Nxg6 Nf5 22. Bxf5 exf5 23. Qh5 Ra7 24. Bh6 Qc6
$13) 21... Nf8 (21... gxh5 22. Bxh7+ Kxh7 23. Qxh5+) 22. Nxg7 Kxg7 23. Qh5 Nf5
$8 24. Bxf5 exf5 25. Qh6+ {Baburin: White's attack succeeds.} Kg8 (25... Kf7
26. Rxg6 Nxg6 27. Qh7+) 26. Rxg6+ Nxg6 27. Qxg6+ Kf8 28. Bh6+ Ke7 29. Qg7+ Kd8
30. Bg5+ Re7 31. Qf8+ (31. Qf8+ Kd7 32. Qxe7+ Kc6 33. Qxc5+ $18) 1-0

[Event "Boca Juniors op"]
[Site "Buenos Aires"]
[Date "1998.05.07"]
[Round "1"]
[White "Lopez, Pablo"]
[Black "Rodriguez Vila, Andres"]
[Result "0-1"]
[WhiteElo "2005"]
[BlackElo "2475"]
[PlyCount "76"]
[EventDate "1998.05.07"]
[EventType "swiss"]
[EventRounds "9"]
[EventCountry "ARG"]
[SourceTitle "CBM 064 Extra"]
[Source "ChessBase"]
[SourceDate "1998.07.07"]
[SourceVersion "1"]
[SourceVersionDate "1998.07.07"]
[SourceQuality "1"]

1. c4 c5 2. Nf3 Nc6 3. d4 cxd4 4. Nxd4 Nf6 5. Nc3 e6 6. e4 Bb4 7. Nxc6 bxc6 8.
e5 Ne4 9. Qg4 Nxc3 10. Bd2 Nxa2 11. Rxa2 Bxd2+ 12. Kxd2 O-O 13. Bd3 f5 14. Qd4
Qg5+ 15. Kc2 Qxg2 16. Raa1 a5 17. Qe3 Qg4 18. h4 c5 19. Qxc5 Bb7 20. Rag1 Qf4
21. Rh3 Rac8 22. Qe3 Qxe3 23. Rxe3 f4 24. Ree1 a4 25. Ra1 Bc6 26. Kc3 Ra8 27.
b4 axb3 28. Rxa8 Rxa8 29. Kxb3 Ra5 30. Re1 g6 31. h5 gxh5 32. Rg1+ Kh8 33. Rg5
Bf3 34. Kb4 Ra1 35. Kc5 h4 36. Kd6 h3 37. Ke7 h2 38. Kf7 Rg1 0-1

[Event "Boca Juniors op"]
[Site "Buenos Aires"]
[Date "1998.05.09"]
[Round "3"]
[White "Abregu, Miguel"]
[Black "Rodriguez Vila, Andres"]
[Result "0-1"]
[WhiteElo "2290"]
[BlackElo "2475"]
[PlyCount "82"]
[EventDate "1998.05.07"]
[EventType "swiss"]
[EventRounds "9"]
[EventCountry "ARG"]
[SourceTitle "CBM 064 Extra"]
[Source "ChessBase"]
[SourceDate "1998.07.07"]
[SourceVersion "1"]
[SourceVersionDate "1998.07.07"]
[SourceQuality "1"]

1. d4 f5 2. c4 Nf6 3. Nf3 g6 4. g3 Bg7 5. Bg2 O-O 6. O-O d6 7. Nc3 Nc6 8. d5
Na5 9. Nd2 c5 10. Qc2 e5 11. dxe6 Bxe6 12. Rd1 Nc6 13. e3 Qe7 14. b3 Nb4 15.
Qb1 f4 16. gxf4 Ng4 17. Nce4 Bxa1 18. Qxa1 d5 19. cxd5 Bxd5 20. a3 Rad8 21. Rf1
Nd3 22. Qc3 Nxc1 23. Rxc1 b6 24. h3 Nf6 25. Nxf6+ Qxf6 26. Bxd5+ Rxd5 27. Qc4
Qf7 28. Ne4 Rfd8 29. Kh2 Rd3 30. Qa4 Kh8 31. b4 Qe8 32. Qxe8+ Rxe8 33. Ng5 Rc8
34. Nf7+ Kg7 35. Ne5 Rxa3 36. bxc5 Rxc5 37. Rd1 Rc7 38. Rd8 b5 39. Rb8 Rb3 40.
Nf3 Rb2 41. Kg3 a5 0-1

[Event "Boca Juniors op"]
[Site "Buenos Aires"]
[Date "1998.05.10"]
[Round "4"]
[White "Rodriguez Vila, Andres"]
[Black "Pierrot, Juan Facundo"]
[Result "1/2-1/2"]
[WhiteElo "2475"]
[BlackElo "2420"]
[PlyCount "78"]
[EventDate "1998.05.07"]
[EventType "swiss"]
[EventRounds "9"]
[EventCountry "ARG"]
[SourceTitle "CBM 064 Extra"]
[Source "ChessBase"]
[SourceDate "1998.07.07"]
[SourceVersion "1"]
[SourceVersionDate "1998.07.07"]
[SourceQuality "1"]

1. e4 c5 2. Nf3 e6 3. d4 cxd4 4. Nxd4 Nf6 5. Nc3 Nc6 6. Ndb5 d6 7. Bf4 e5 8.
Bg5 a6 9. Na3 b5 10. Bxf6 gxf6 11. Nd5 f5 12. c3 Bg7 13. exf5 Bxf5 14. Nc2 Be6
15. a4 O-O 16. axb5 axb5 17. Rxa8 Qxa8 18. Bxb5 Nd4 19. Ne7+ Kh8 20. cxd4 Qxg2
21. Bc6 e4 22. Rf1 Qg5 23. Nd5 Bxd5 24. h4 Qd8 25. Bxd5 Qa5+ 26. Qd2 Qxd5 27.
Rg1 Rc8 28. Rg3 Qa2 29. Rc3 Rg8 30. b4 Qd5 31. Rg3 Qa2 32. Qc3 f5 33. Qb3 Qa7
34. h5 Re8 35. Qc4 Qb7 36. b5 Rb8 37. Qe6 f4 38. Rc3 e3 39. fxe3 Qh1+ 1/2-1/2

[Event "Boca Juniors op"]
[Site "Buenos Aires"]
[Date "1998.05.13"]
[Round "6"]
[White "Mendez Ataria, Ernesto"]
[Black "Rodriguez Vila, Andres"]
[Result "1/2-1/2"]
[WhiteElo "2400"]
[BlackElo "2475"]
[PlyCount "79"]
[EventDate "1998.05.07"]
[EventType "swiss"]
[EventRounds "9"]
[EventCountry "ARG"]
[SourceTitle "CBM 064 Extra"]
[Source "ChessBase"]
[SourceDate "1998.07.07"]
[SourceVersion "1"]
[SourceVersionDate "1998.07.07"]
[SourceQuality "1"]

1. d4 e6 2. Nf3 Nf6 3. e3 b6 4. Bd3 Bb7 5. Nbd2 c5 6. O-O Nc6 7. a3 Be7 8. b3
cxd4 9. exd4 Nd5 10. Ne4 f5 11. Ng3 Bf6 12. Bc4 Na5 13. Bxd5 Bxd5 14. c4 Bxf3
15. Qxf3 Nc6 16. Ne2 Bxd4 17. Nxd4 Nxd4 18. Qh5+ g6 19. Qd1 Nc6 20. Bb2 O-O 21.
Qd2 Rf7 22. b4 Qc7 23. Rfe1 Re8 24. Rad1 f4 25. Re4 e5 26. g3 fxg3 27. hxg3 Re6
28. c5 bxc5 29. bxc5 Qb7 30. Rde1 Rfe7 31. Qc2 Qb5 32. Rd1 Nd4 33. Bxd4 exd4
34. Rdxd4 Rxe4 35. Rxe4 Rxe4 36. Qxe4 Qxc5 37. Qe8+ Qf8 38. Qxd7 Qxa3 39. Qe6+
Kg7 40. Qd7+ 1/2-1/2

[Event "Boca Juniors op"]
[Site "Buenos Aires"]
[Date "1998.05.14"]
[Round "7"]
[White "Rodriguez Vila, Andres"]
[Black "Rosito, Jorge"]
[Result "1-0"]
[WhiteElo "2475"]
[BlackElo "2360"]
[PlyCount "87"]
[EventDate "1998.05.07"]
[EventType "swiss"]
[EventRounds "9"]
[EventCountry "ARG"]
[SourceTitle "CBM 064 Extra"]
[Source "ChessBase"]
[SourceDate "1998.07.07"]
[SourceVersion "1"]
[SourceVersionDate "1998.07.07"]
[SourceQuality "1"]

1. e4 e5 2. Nf3 Nc6 3. Bc4 Nf6 4. d3 Be7 5. O-O O-O 6. Re1 d6 7. c3 Na5 8. Bb5
a6 9. Ba4 b5 10. Bc2 c5 11. Nbd2 Qc7 12. Nf1 Bb7 13. Ng3 g6 14. d4 cxd4 15.
cxd4 Rac8 16. Re2 Nc6 17. Bh6 Rfd8 18. d5 Nb4 19. Bb1 Ng4 20. Bd2 Nc2 21. Bxc2
Qxc2 22. Qe1 Qc5 23. h3 Nf6 24. Bb4 Qa7 25. Nxe5 a5 26. Bxa5 dxe5 27. Bxd8 Bxd8
28. Re3 Ne8 29. Rc3 Nd6 30. Rxc8 Bxc8 31. Qb4 Be7 32. Qc3 Bf6 33. a4 bxa4 34.
Qc6 Qe7 35. Rxa4 Kg7 36. Qc5 Bh4 37. Rb4 Qd7 38. Qc3 Bf6 39. Nf1 h5 40. Nd2 Qa7
41. Nf3 h4 42. Qc6 Qe7 43. Rb8 Nxe4 44. Qxc8 1-0

[Event "Boca Juniors op"]
[Site "Buenos Aires"]
[Date "1998.05.16"]
[Round "9"]
[White "Sorin, Ariel"]
[Black "Rodriguez Vila, Andres"]
[Result "1/2-1/2"]
[WhiteElo "2460"]
[BlackElo "2475"]
[PlyCount "83"]
[EventDate "1998.05.07"]
[EventType "swiss"]
[EventRounds "9"]
[EventCountry "ARG"]
[SourceTitle "CBM 064 Extra"]
[Source "ChessBase"]
[SourceDate "1998.07.07"]
[SourceVersion "1"]
[SourceVersionDate "1998.07.07"]
[SourceQuality "1"]

1. d4 e6 2. c4 f5 3. Nc3 Nf6 4. Nf3 d5 5. Bf4 c6 6. e3 Be7 7. Bd3 O-O 8. Ne5
Ne4 9. f3 Bh4+ 10. g3 Nxc3 11. bxc3 g5 12. gxh4 gxf4 13. exf4 Qxh4+ 14. Ke2 Nd7
15. Qg1+ Kh8 16. Qg3 Qh6 17. Rag1 Nxe5 18. fxe5 Bd7 19. Qg5 Qxg5 20. Rxg5 b6
21. Rhg1 Rf7 22. f4 Re8 23. Ke3 Bc8 24. R5g2 Rc7 25. Rb2 Rg8 26. Rxg8+ Kxg8 27.
a4 Kf8 28. a5 b5 29. cxb5 cxb5 30. Rxb5 Rxc3 31. Rc5 Rxc5 32. dxc5 Bd7 33. Ba6
Bc6 34. Kd4 Ke7 35. Bc8 Ba4 36. Kc3 Bb5 37. Kb4 Bc6 38. h3 h6 39. h4 Kf7 40.
Kc3 Ke7 41. Kd4 Ba4 42. Kc3 1/2-1/2

[Event "Buenos Aires Ejercito op"]
[Site "Buenos Aires"]
[Date "1998.??.??"]
[Round "3"]
[White "Mela, Benjamin"]
[Black "Rodriguez Vila, Andres"]
[Result "0-1"]
[WhiteElo "2160"]
[BlackElo "2490"]
[PlyCount "68"]
[EventDate "1998.10.??"]
[EventType "swiss"]
[EventRounds "9"]
[EventCountry "ARG"]
[SourceTitle "EXT 2002"]
[Source "ChessBase"]
[SourceDate "2001.11.25"]
[SourceVersion "1"]
[SourceVersionDate "2001.11.25"]
[SourceQuality "1"]

1. e4 e6 2. d4 d5 3. Nc3 Bb4 4. e5 Ne7 5. a3 Bxc3+ 6. bxc3 c5 7. Qg4 Qc7 8. Bd2
cxd4 9. cxd4 Qxc2 10. Nf3 O-O 11. Rc1 Qg6 12. Qh3 Nbc6 13. Be2 f5 14. exf6 gxf6
15. Nh4 Qe4 16. f3 Qxd4 17. Bh6 Rf7 18. f4 Qe4 19. Kf1 e5 20. Qg3+ Ng6 21. Bd3
exf4 22. Bxe4 fxg3 23. Bxd5 Nxh4 24. Rc4 Nf5 25. Bf4 gxh2 26. Rxh2 Ne5 27. Rc7
Kg7 28. Bxf7 Nxf7 29. Kf2 Nd4 30. Re7 b5 31. Rh1 Bf5 32. Rd1 Nc6 33. Rc7 Rc8
34. Rb7 Re8 0-1

[Event "Buenos Aires Ejercito op"]
[Site "Buenos Aires"]
[Date "1998.??.??"]
[Round "4"]
[White "Rodriguez Vila, Andres"]
[Black "Malbran, Guillermo"]
[Result "1/2-1/2"]
[WhiteElo "2490"]
[BlackElo "2430"]
[PlyCount "98"]
[EventDate "1998.10.??"]
[EventType "swiss"]
[EventRounds "9"]
[EventCountry "ARG"]
[SourceTitle "EXT 2002"]
[Source "ChessBase"]
[SourceDate "2001.11.25"]
[SourceVersion "1"]
[SourceVersionDate "2001.11.25"]
[SourceQuality "1"]

1. e4 Nf6 2. e5 Nd5 3. d4 d6 4. c4 Nb6 5. exd6 exd6 6. Nc3 Be7 7. Bd3 Nc6 8.
Nge2 Bg4 9. Be3 Bh5 10. b3 Bg5 11. f4 Bh4+ 12. g3 Bf6 13. Qd2 d5 14. c5 Nc8 15.
h3 Bxe2 16. Nxe2 N8e7 17. b4 a6 18. Kf2 g6 19. a4 a5 20. b5 Nb4 21. Bb1 Nf5 22.
Ra3 h5 23. Qb2 Qd7 24. Bd2 Kf8 25. Bxb4 axb4 26. Qxb4 Kg7 27. Bxf5 Qxf5 28. Qb1
Qe6 29. Qd3 b6 30. c6 Rhe8 31. f5 Qxf5+ 32. Qxf5 gxf5 33. Rd1 Re4 34. Kf3 Be7
35. Ra2 Bg5 36. Rd3 h4 37. gxh4 Rxh4 38. Kg2 Bf6 39. Rf3 Bxd4 40. Rxf5 Bc5 41.
Rg5+ Kf6 42. Rxd5 Rhxa4 43. Rxa4 Rxa4 44. Rd7 Ra2 45. Kf3 Ra3+ 46. Kg4 Ra4+ 47.
Kf3 Ra3+ 48. Kg4 Ra4+ 49. Kf3 Ra3+ 1/2-1/2

[Event "Buenos Aires Ejercito op"]
[Site "Buenos Aires"]
[Date "1998.??.??"]
[Round "5"]
[White "Amura, Claudia Noemi"]
[Black "Rodriguez Vila, Andres"]
[Result "1/2-1/2"]
[WhiteElo "2350"]
[BlackElo "2490"]
[PlyCount "36"]
[EventDate "1998.10.??"]
[EventType "swiss"]
[EventRounds "9"]
[EventCountry "ARG"]
[SourceTitle "EXT 2002"]
[Source "ChessBase"]
[SourceDate "2001.11.25"]
[SourceVersion "1"]
[SourceVersionDate "2001.11.25"]
[SourceQuality "1"]

1. d4 e6 2. Nf3 f5 3. d5 Be7 4. Nc3 Nf6 5. dxe6 dxe6 6. Qxd8+ Bxd8 7. e4 Nxe4
8. Nxe4 fxe4 9. Ng5 Bxg5 10. Bxg5 Nd7 11. Bf4 c6 12. Bc4 Nf6 13. a4 Bd7 14. O-O
Kf7 15. Rfd1 Rad8 16. Bc7 Rc8 17. Be5 Rcd8 18. Bc7 Rc8 1/2-1/2

[Event "Buenos Aires Ejercito op"]
[Site "Buenos Aires"]
[Date "1998.??.??"]
[Round "9"]
[White "Seminara, Juan Pablo"]
[Black "Rodriguez Vila, Andres"]
[Result "1-0"]
[WhiteElo "2355"]
[BlackElo "2490"]
[PlyCount "45"]
[EventDate "1998.10.??"]
[EventType "swiss"]
[EventRounds "9"]
[EventCountry "ARG"]
[SourceTitle "EXT 2002"]
[Source "ChessBase"]
[SourceDate "2001.11.25"]
[SourceVersion "1"]
[SourceVersionDate "2001.11.25"]
[SourceQuality "1"]

1. e4 e6 2. d4 d5 3. Nc3 Bb4 4. Nge2 dxe4 5. a3 Bxc3+ 6. Nxc3 Nc6 7. d5 Nce7 8.
Qg4 exd5 9. Qxg7 Ng6 10. h4 N8e7 11. Bg5 h5 12. O-O-O Be6 13. Nxe4 dxe4 14.
Rxd8+ Rxd8 15. Be2 c6 16. Rd1 Rd5 17. Rxd5 cxd5 18. Bb5+ Nc6 19. Qd4 a6 20.
Bxc6+ bxc6 21. Bf6 O-O 22. Bg7 Nf4 23. Qf6 1-0

[Event "Najdorf Festival op"]
[Site "Buenos Aires"]
[Date "1998.10.24"]
[Round "1"]
[White "Rodriguez Vila, Andres"]
[Black "Marginet, Ricardo Ernesto"]
[Result "1-0"]
[WhiteElo "2490"]
[BlackElo "2115"]
[PlyCount "63"]
[EventDate "1998.10.??"]
[EventType "swiss"]
[EventRounds "9"]
[EventCountry "ARG"]
[SourceTitle "CBM 067 Extra"]
[Source "ChessBase"]
[SourceDate "1999.01.01"]
[SourceVersion "1"]
[SourceVersionDate "1999.01.01"]
[SourceQuality "1"]

1. e4 c6 2. d4 d5 3. e5 Bf5 4. Be2 e6 5. Nf3 c5 6. O-O Nc6 7. Be3 cxd4 8. Nxd4
Nxd4 9. Bxd4 Ne7 10. g4 Bg6 11. f4 a6 12. Nc3 Rc8 13. Kh1 Qd7 14. Bf3 h6 15.
Rc1 b5 16. Ne2 Nc6 17. c3 Be7 18. Ng3 Nxd4 19. Qxd4 Bc5 20. Qd2 O-O 21. Rcd1
Qa7 22. f5 Bh7 23. Rde1 Qe7 24. f6 gxf6 25. Qxh6 fxe5 26. g5 f5 27. Rxe5 Qg7
28. Rxe6 Qxh6 29. Rxh6 Be3 30. Bxd5+ Kh8 31. h4 Rcd8 32. Be6 1-0

[Event "Najdorf Festival op"]
[Site "Buenos Aires"]
[Date "1998.10.26"]
[Round "3"]
[White "Dorin, Mauricio"]
[Black "Rodriguez Vila, Andres"]
[Result "1/2-1/2"]
[WhiteElo "2360"]
[BlackElo "2490"]
[PlyCount "120"]
[EventDate "1998.10.??"]
[EventType "swiss"]
[EventRounds "9"]
[EventCountry "ARG"]
[SourceTitle "CBM 067 Extra"]
[Source "ChessBase"]
[SourceDate "1999.01.01"]
[SourceVersion "1"]
[SourceVersionDate "1999.01.01"]
[SourceQuality "1"]

1. e4 e6 2. d4 d5 3. Nc3 Bb4 4. exd5 exd5 5. Bd3 Ne7 6. Nge2 Bg4 7. f3 Bf5 8.
a3 Ba5 9. O-O Nbc6 10. Be3 Qd7 11. Bf2 O-O 12. Ng3 Bxd3 13. Qxd3 Ng6 14. Nce2
Nce7 15. Be1 Bb6 16. f4 f5 17. Bb4 a5 18. Bxe7 Nxe7 19. Kh1 c6 20. Ng1 Bc7 21.
Qd2 Nc8 22. Nf3 Nd6 23. Ne5 Qe6 24. a4 Ne4 25. Qe1 c5 26. Ne2 Bxe5 27. dxe5 d4
28. b3 b6 29. c4 Rae8 30. Nc1 Nf6 31. Nd3 Ng4 32. Qg3 Qc6 33. Qf3 Qe4 34. Nf2
Qxf3 35. gxf3 Nxf2+ 36. Rxf2 Re6 37. h4 Rh6 38. Rh2 Rd8 39. Rd1 d3 40. Kg2 Rd4
41. Kg3 Rg6+ 42. Kf2 Rxf4 43. Rxd3 Rd4 44. Rxd4 cxd4 45. h5 Rg5 46. Rh4 d3 47.
h6 f4 48. Rxf4 Rxe5 49. Rd4 Re2+ 50. Kg3 d2 51. f4 Re3+ 52. Kg4 Rxb3 53. Rxd2
gxh6 54. Rd7 Rb4 55. Rc7 Rxa4 56. Kf5 b5 57. cxb5 Rb4 58. Rb7 a4 59. b6 a3 60.
Ra7 Rb5+ 1/2-1/2

[Event "Najdorf Festival op"]
[Site "Buenos Aires"]
[Date "1998.10.27"]
[Round "4"]
[White "Rodriguez Vila, Andres"]
[Black "Seminara, Juan Pablo"]
[Result "1-0"]
[WhiteElo "2490"]
[BlackElo "2355"]
[PlyCount "63"]
[EventDate "1998.10.??"]
[EventType "swiss"]
[EventRounds "9"]
[EventCountry "ARG"]
[SourceTitle "CBM 067 Extra"]
[Source "ChessBase"]
[SourceDate "1999.01.01"]
[SourceVersion "1"]
[SourceVersionDate "1999.01.01"]
[SourceQuality "1"]

1. e4 c5 2. Nc3 g6 3. g3 Bg7 4. Bg2 Nc6 5. f4 d6 6. Nf3 Nf6 7. d3 O-O 8. O-O
Rb8 9. h3 b5 10. g4 b4 11. Ne2 Ne8 12. Qe1 Nc7 13. f5 Nb5 14. Qh4 Nbd4 15.
Nexd4 Nxd4 16. Bh6 f6 17. Nxd4 cxd4 18. g5 Qe8 19. Bxg7 Kxg7 20. Qf2 gxf5 21.
exf5 fxg5 22. Qxd4+ Rf6 23. Rae1 Kf8 24. Re3 Bb7 25. Re6 Qd8 26. Qxa7 Bxg2 27.
Kxg2 Kf7 28. Rfe1 Rxe6 29. fxe6+ Kg8 30. Rf1 Rc8 31. Rf7 Rxc2+ 32. Kg3 1-0

[Event "Najdorf Festival op"]
[Site "Buenos Aires"]
[Date "1998.10.28"]
[Round "5"]
[White "De Souza, Mauro Guimaraes"]
[Black "Rodriguez Vila, Andres"]
[Result "0-1"]
[WhiteElo "2405"]
[BlackElo "2490"]
[PlyCount "56"]
[EventDate "1998.10.??"]
[EventType "swiss"]
[EventRounds "9"]
[EventCountry "ARG"]
[SourceTitle "CBM 067 Extra"]
[Source "ChessBase"]
[SourceDate "1999.01.01"]
[SourceVersion "1"]
[SourceVersionDate "1999.01.01"]
[SourceQuality "1"]

1. d4 e6 2. c4 Bb4+ 3. Nc3 f5 4. g3 Nf6 5. Bg2 O-O 6. Bd2 d6 7. Nf3 Nbd7 8. Ng5
Nb6 9. Qb3 c5 10. dxc5 Bxc5 11. O-O Ng4 12. Nf3 e5 13. e3 e4 14. Nd4 Qg5 15. f4
exf3 16. Nxf3 Qh6 17. Rae1 Be6 18. Nd5 Bxd5 19. cxd5 Rae8 20. Re2 Bxe3+ 21.
Bxe3 Rxe3 22. Rxe3 Qxe3+ 23. Qxe3 Nxe3 24. Rf2 Rc8 25. Re2 Rc1+ 26. Ne1 Nxg2
27. Kxg2 Nxd5 28. Kf2 Kf7 0-1